000 01192nam a2200241 i 4500
001 48565
003 ES-MaACL
005 20240419150422.0
007 t|
008 940301s1843 sp ||||1| spa d
100 0 _aÁlvarez Martínez, Fernando,
_d1814-1883
_920632
245 1 0 _aDescripción del Monasterio y Palacio de San Lorenzo, Casa del Príncipe y demás notable que encierra bajo el aspecto histórico, literario y artístico el Real Sitio del Escorial, para uso de los viageros [sic] y curiosos que le visiten.
260 _aMadrid :
_b[s.n.],
_c1843 (
_fImp. de D. Vicente de Lalama)
300 _a322 p. ;
_c16 cm.
530 _aDisponible en formato digital.
594 _aAutor tomado de Palau, 70932: Fernando Álvarez.
610 2 _aMonasterio de El Escorial.
_95729
651 7 _aMonasterio de El Escorial
_xEdificios, estructuras, etc.
_2
_9144603
852 _aES-MaACL
_jG-10582
856 _uhttps://bibliotecavirtualmadrid.comunidad.madrid/bvmadrid_publicacion/es/consulta/registro.do?id=295
_zBiblioteca Digital de la Comunidad de Madrid
856 _uhttp://ddd.uab.cat/record/73682
_zDipòsit Digital de Documents de la UAB
999 _c48565
_d48565